Zameen Par Pehla Qadam / زمین پر پہلا قدم (Urdu) / (Record no. 187833)
[ view plain ]
| 000 -LEADER | |
|---|---|
| fixed length control field | 00402 a2200157 4500 |
| 003 - CONTROL NUMBER IDENTIFIER | |
| control field | NUST |
| 005 - DATE AND TIME OF LATEST TRANSACTION | |
| control field | 20230215183915.0 |
| 040 ## - CATALOGING SOURCE | |
| Transcribing agency | Nust |
| 082 ## - DEWEY DECIMAL CLASSIFICATION NUMBER | |
| Classification number | 297,AHM |
| 100 ## - MAIN ENTRY--PERSONAL NAME | |
| Personal name | Ahmed, Ishtiaq |
| 9 (RLIN) | 89835 |
| 245 ## - TITLE STATEMENT | |
| Title | Zameen Par Pehla Qadam / زمین پر پہلا قدم (Urdu) / |
| Statement of responsibility, etc. | Ishtiaq Ahmed |
| 260 ## - PUBLICATION, DISTRIBUTION, ETC. | |
| Place of publication, distribution, etc. | Lahore |
| Name of publisher, distributor, etc. | Dar-us-Salam |
| Date of publication, distribution, etc. | 2005 |
| 300 ## - PHYSICAL DESCRIPTION | |
| Extent | 24:p. |
| 650 ## - SUBJECT ADDED ENTRY--TOPICAL TERM | |
| Topical term or geographic name entry element | ISLAM |
| 942 ## - ADDED ENTRY ELEMENTS (KOHA) | |
| Source of classification or shelving scheme | |
| Koha item type | Book |
| Call number prefix | 297,AHM |
| Withdrawn status | Lost status | Source of classification or shelving scheme | Damaged status | Not for loan | Permanent Location | Current Location | Shelving location | Date acquired | Full call number | Barcode | Date last seen | Price effective from | Koha item type | Public note |
|---|---|---|---|---|---|---|---|---|---|---|---|---|---|---|
| Military College of Signals (MCS) | Military College of Signals (MCS) | General Stacks | 12/12/2016 | 297,AHM | MCS33032 | 12/08/2016 | 12/12/2016 | Book | Almirah No.63, Shelf No.1 |
